| Tag |
First Indicator |
Second Indicator |
Subfields |
| LEADER |
00000cam a2200000 a 4500 |
| 001 |
in00000083045 |
| 005 |
20151008055545.0 |
| 008 |
811002s1981 onca b 00110 eng |
| 010 |
|
|
|a 80071117
|
| 015 |
|
|
|a C81-0941996
|
| 020 |
|
|
|a 0442296622
|
| 035 |
|
|
|a (OCoLC)07809161
|
| 035 |
|
|
|9 AAJ3780AM
|
| 040 |
|
|
|a SPI
|c SPI
|d TXA
|d UtOrBLW
|
| 049 |
|
|
|a TXAM
|c [1442543]
|
| 050 |
0 |
0 |
|a NE885
|b .W37
|
| 082 |
0 |
|
|a C760./75
|
| 100 |
1 |
|
|a Warner, Glen.
|
| 245 |
1 |
0 |
|a Building a print collection :
|b a guide to buying original prints and thotographs /
|c Glen Warner.
|
| 264 |
|
1 |
|a Toronto ;
|a New York :
|b Van Nostrand Reinhold,
|c [1981]
|
| 264 |
|
4 |
|c ©1981
|
| 300 |
|
|
|a 192 pages :
|b illustrations ;
|c 22 cm.
|
| 336 |
|
|
|a text
|b txt
|2 rdacontent
|
| 337 |
|
|
|a unmediated
|b n
|2 rdamedia
|
| 338 |
|
|
|a volume
|b nc
|2 rdacarrier
|
| 500 |
|
|
|a Includes index.
|
| 504 |
|
|
|a Bibliography: pages 185-186.
|
| 650 |
|
0 |
|a Prints
|x Collectors and collecting.
|
| 650 |
|
0 |
|a Photographs
|x Collectors and collecting.
|
| 999 |
|
|
|a MARS
|
| 999 |
f |
f |
|s bb829eac-298d-32fb-909b-2d59a62a7b33
|i 2e1f2775-81fd-3e2c-a7fd-88c01a83ce79
|t 0
|
| 952 |
f |
f |
|p normal
|a Texas A&M University
|b College Station
|c Sterling C. Evans Library
|d Evans: Library Stacks
|t 0
|e NE885 .W37
|h Library of Congress classification
|i unmediated -- volume
|m A14806170363
|
| 998 |
f |
f |
|a NE885 .W37
|t 0
|l Evans: Library Stacks
|